000 00662nas a2200229 4500
001 BR8503208
003 BR-BrBNA
005 20231205090237.0
007 ta
008 230509b bl.|||p| |||| 00| 00por d
040 _aBR-BrBNA
_bpor
_cBiblioteca Nacional de Agricultura
041 _a(Pt)
072 _aL01
100 1 _aBeck, S.L.
245 1 _aUm oasis no Rio Grande do Sul [equinocultura]
650 _aCAVALO
650 _aPURO SANGUE ARABE
650 _aRIO GRANDE DO SUL
773 0 _tAgricultura de Hoje (Brazil)
_xISSN 0100-5707
_g(Mar 1985), v. 10(102) p. 22-23
_wBR8503208
909 _a202311
_bLúcia
_c55
_dLúcia Elande
942 _2AGRIS
_n0
_cANA
999 _c117075
_d117075